000 00746nam a2200265 i 4500
003 DO-SdBNP
005 20250813094016.0
007 ta
008 250813s2025 dr 000 0 spa d
020 _a9789945100709
040 _aDO-SdBNP
_bspa
_cBNPHU
_erda
041 _asp
082 _axxx
_bG377v
_222
100 1 _aGerónimo, Joaquín
_eautor
_952164
245 1 0 _aVioleta :
_bnombre de guerra /
_cJoaquín Gerónimo
250 _aPrimera edición
264 _aSanto Domingo :
_bCocolo Editorial,
_c2025
300 _a157 páginas
_c23 cm.
336 _2rdacontent
_atexto
_btxt
337 _2rdamedia
_asin mediación
_bn
338 _2rdacarrier
_avolumen
_bnc
590 _aInventariado, 2025/DG
910 _aDG
942 _2ddc
_cLBS1
999 _c59783
_d59783